00446nam a2200181Ia 4500003000400000005001700004008004100021020001400062040000700076041000800083082001600091100002200107245006500129260003000194300001500224365000800239650001700247OSt20230428095516.0210423s1993 xx 000 0 und d a385424698 cAL aeng a615.53 PATN aPATNAIK (Naveen). aGarden of life: introduction to the healing plants of India. aNew YorkbDoubledayc1993 axi,195bPB cINR aPharmacology